Central Library OPAC University of Rajshahi

চন্দ্রকুমার দে [১৮৮৯-১৯৪৬] / (Record no. 39566)

MARC details
000 -LEADER
fixed length control field 00992nam a2200241 a 4500
001 - CONTROL NUMBER
control field 39566
003 - CONTROL NUMBER IDENTIFIER
rucl marc code BD-RjUL
005 - DATE AND TIME OF LATEST TRANSACTION
control field 20211209053022.0
008 - FIXED-LENGTH DATA ELEMENTS--GENERAL INFORMATION
fixed length control field 160412s2008 bg ||||| ||b| 00| 0 ben d
020 ## - INTERNATIONAL STANDARD BOOK NUMBER
International Standard Book Number 9847000000583
Terms of availability : Tk 100.00
035 ## - SYSTEM CONTROL NUMBER
System control number (BD-RjUL)39679
040 ## - CATALOGING SOURCE
Original cataloging agency BD-RjUL
Language of cataloging ben
Transcribing agency BD-RjUL
041 ## - LANGUAGE CODE
Language code of text/sound track or separate title ben
082 ## - DEWEY DECIMAL CLASSIFICATION NUMBER
Edition number 23
Author mark and year SAC 2008
Classification number 891.4409
100 ## - MAIN ENTRY--PERSONAL NAME
Personal name সরকার, যতীন.
9 (RLIN) 120640
245 ## - TITLE STATEMENT
Title চন্দ্রকুমার দে [১৮৮৯-১৯৪৬] /
Statement of responsibility, etc. যতীন সরকার.
260 ## - PUBLICATION, DISTRIBUTION, ETC. (IMPRINT)
Place of publication, distribution, etc. ঢাকা :
Name of publisher, distributor, etc. জাতীয় সাহিত্য প্রকাশ,
Date of publication, distribution, etc. ২০০৮.
300 ## - PHYSICAL DESCRIPTION
Pagination ৯৬ পৃ. ;
Size ২১ সেমি.
505 ## - FORMATTED CONTENTS NOTE
Formatted contents note তথ্যসূত্র ও গ্রন্থপঞ্জি সংযুক্ত.
650 ## - SUBJECT ADDED ENTRY--TOPICAL TERM
Topical term or geographic name as entry element বাংলা সাহিত্য
Geographic subdivision
9 (RLIN) 121872
General subdivision ইতিহাস ও সমালোচনা
Topical term or geographic name as entry element Bengali Literature
General subdivision history and criticism
9 (RLIN) 121873
942 ## - ADDED ENTRY ELEMENTS (KOHA)
Source of classification or shelving scheme Dewey Decimal Classification
Koha item type Books
Holdings
Lost status Source of classification or shelving scheme Damaged status Not for loan Collection code Permanent Location Current Location Shelving location Date acquired Source of acquisition Cost, normal purchase price Total Checkouts Full call number Date last seen Copy number Koha item type Date checked out
  Dewey Decimal Classification   Not For Loan Non-fiction Central Library, University of Rajshahi Central Library, University of Rajshahi Reading Room 26/04/2014 Jatiya Sahitya Prakash, Dhaka 100.00   B 891.4409 SAC 2008 12/04/2016 C-1 Books  
  Dewey Decimal Classification     Non-fiction Central Library, University of Rajshahi Central Library, University of Rajshahi   26/04/2014 Jatiya Sahitya Prakash, Dhaka 100.00 1 B 891.4409 SAC 2008 09/01/2022 C-2 Books 23/12/2021
  Dewey Decimal Classification     Non-fiction Central Library, University of Rajshahi Central Library, University of Rajshahi   26/04/2014 Jatiya Sahitya Prakash, Dhaka 100.00   B 891.4409 SAC 2008 12/04/2016 C-3 Books